00360nam a2200109Ia 4500008004100000245008900041245005700130260000900187300001900196300002100215300001400236160319s9999 xx 000 0 und d aFirst Holy Communion of Stonyhurst Graders Sy 2004-2005 Disc 1 and 2 Dec. 10, 2004 / cStonyhurst Southville International School Batangas. c2004 a1 videodisc :  bsound, color. ;  c4 3/4 in.